2023 Nba draft class by College/country - Statistics

General Stats
  • This quiz has been taken 13 times
  • The average score is 20 of 30
Answer Stats
Hint Answer % Correct
Derick Lively II Duke
100%
Dariq Whitehead Duke
100%
Jamie Jaquez Jr UCLA
100%
Keynote George Baylor
91%
Victor Wembenyama France
91%
Bilal coulibaly France
91%
Grady Dick Kansas
91%
Brandon Miller Alabama
82%
Noah Clowney Alabama
82%
Jett Howard Michigan
82%
Kobe Bufkin Michigan
82%
Julian Strawther Gonzaga
73%
Jarace Walker Houston
73%
Marcus Sasser Houston
73%
Jalen Hood-Schitino Indiana
73%
Cason Wallace Kentucky
73%
Brice Sensabaugh Ohio St
73%
Jordan Hawkins Uconn
73%
Anthony Black Arkansas
64%
Nick Smith Jr Arkansas
64%
Kris Murray Iowa
64%
Kobe Brown Missouri
55%
Cam Whitmore Villanova
55%
Brandin Podziemski Santa Clara
45%
Oliver-Matence Prosper Marquette
36%
Amen Thompson Overtime Elite
36%
Ausar Thompson Overtime Elite
36%
Scoot henderson USA
36%
Ben Sheppard Belmont
18%
Taylor Hendricks UCF
18%
No matching quizzes found
Score Distribution
Percent of People with Each Score
Percentile by Number Answered
Your Score History
You have not taken this quiz